[Event "NB1 Charousek csoport"]
[Site "Alsoszolnok"]
[Date "2024.12.01"]
[Round "3.5"]
[White "Konyves, Almos"]
[Black "Takacs, Balazs"]
[Result "0-1"]
[WhiteElo "2274"]
[BlackElo "2325"]
[PlyCount "154"]
[GameId "2119680066110346"]
[EventDate "2024.11.03"]
[EventType "team-tourn"]
[EventRounds "11"]
[EventCountry "HUN"]
[Source "chess.hu"]
[WhiteTeam "Sentimento Ajka BSK"]
[BlackTeam "SZ-A STE"]
[WhiteTeamCountry "HUN"]
[BlackTeamCountry "HUN"]

1. d4 d5 2. c4 e6 3. Nc3 Bb4 4. e3 Nf6 5. cxd5 exd5 6. Bd3 O-O 7. a3 Bd6 8. Qc2 c6 9. Nge2 Re8 10. Bd2 a6 11. Ng3 g6 12. Nce2 Nbd7 13. O-O c5 14. dxc5 Nxc5 15. Bc3 Bd7 16. a4 Rc8 17. Rfd1 Ng4 18. h3 Nxf2 19. Kxf2 Qh4 20. b4 Nxa4 21. Rxa4 Bxg3+ 22. Nxg3 Bxa4 23. Qxa4 Rxe3 24. Kxe3 Qxg3+ 25. Kd2 Qg5+ 26. Kc2 d4 27. Kb1 Rxc3 28. Bc2 Qd5 29. Kb2 b5 30. Qa5 Qd6 31. Bb3 Qf6 32. g4 Kg7 33. Qa2 d3 34. Ka3 a5 35. bxa5 Qd6+ 36. Kb2 Qd4 37. Kb1 Qb4 38. Qb2 f6 39. Ka2 Qxa5+ 40. Qa3 Qxa3+ 41. Kxa3 d2 42. Rxd2 Rxh3 43. Rd7+ Kh6 44. Kb2 Kg5 45. Bd1 b4 46. Rd5+ f5 47. gxf5 gxf5 48. Rb5 Rh4 49. Kb3 Rh1 50. Bc2 Rf1 51. Kxb4 h5 52. Kc3 h4 53. Bd3 Rf2 54. Rb8 h3 55. Rg8+ Kh4 56. Kd4 Rf3 57. Be2 Rg3 58. Rh8+ Kg5 59. Bd3 Kf4 60. Rh5 Kg4 61. Be2+ Kf4 62. Rh8 Rg2 63. Bf1 Rd2+ 64. Kc3 Rh2 65. Kd3 Kg3 66. Rg8+ Kf2 67. Be2 Rg2 68. Rf8 Rg5 69. Rh8 Rg2 70. Rf8 Rg5 71. Rh8 Rg3+ 72. Kd2 f4 73. Bd3 f3 74. Bf5 Kg2 75. Be4 Kg1 76. Ra8 f2 77. Bd3 Rxd3+ 0-1

[Event "NB1 Charousek csoport"]
[Site "Alsoszolnok"]
[Date "2024.12.01"]
[Round "3.7"]
[White "Egresi, Mate"]
[Black "Gjuran, Denis"]
[Result "0-1"]
[WhiteElo "2393"]
[BlackElo "2269"]
[PlyCount "154"]
[GameId "2119680141919146"]
[EventDate "2024.11.03"]
[EventType "team-tourn"]
[EventRounds "11"]
[EventCountry "HUN"]
[Source "chess.hu"]
[WhiteTeam "Sentimento Ajka BSK"]
[BlackTeam "SZ-A STE"]
[WhiteTeamCountry "HUN"]
[BlackTeamCountry "HUN"]

1. e4 c5 2. Nf3 g6 3. c3 d5 4. exd5 Qxd5 5. d4 Bg7 6. Nbd2 cxd4 7. Bc4 Qc5 8. Nxd4 Nf6 9. Qe2 O-O 10. N2b3 Qc7 11. Nb5 Qc6 12. O-O a6 13. a4 Nbd7 14. Na3 e5 15. a5 b5 16. axb6 Nxb6 17. Be3 e4 18. Bxb6 Qxb6 19. Qe3 Qxe3 20. fxe3 Ng4 21. Nc2 Rb8 22. Ra3 Bh6 23. Re1 Rd8 24. Ra5 Re8 25. h3 Ne5 26. Bd5 Bb7 27. Ncd4 Bxd5 28. Rxd5 Nc4 29. Kf2 Nxb2 30. Nc5 Nd3+ 31. Nxd3 exd3 32. Nf3 Bxe3+ 33. Kg3 Rb2 34. Rd1 d2 35. Nxd2 Rxd2 36. R1xd2 Bxd2 37. Rxd2 Re3+ 38. Kf2 Rxc3 39. Rd6 Ra3 40. h4 Ra5 41. Kg3 Kg7 42. Kh3 Ra3+ 43. Kh2 f5 44. Rd7+ Kh6 45. Ra7 a5 46. g3 a4 47. Kg2 Ra1 48. Kh3 Ra2 49. Ra5 Ra3 50. Kg2 Kh5 51. Kh3 h6 52. Rc5 Rb3 53. Ra5 a3 54. Kg2 g5 55. hxg5 hxg5 56. Ra4 g4 57. Kf2 Kg5 58. Ra8 Rb2+ 59. Ke3 Rg2 60. Rg8+ Kf6 61. Rf8+ Ke6 62. Kf4 Rf2+ 63. Kg5 Rf3 64. Ra8 Kd5 65. Rc8 Kd4 66. Kh4 Kd3 67. Ra8 Kc2 68. Ra5 Kb2 69. Rb5+ Ka1 70. Ra5 a2 71. Rb5 Rf1 72. Kg5 f4 73. Kxg4 fxg3 74. Kxg3 Rb1 75. Ra5 Kb2 76. Rb5+ Kc3 77. Rc5+ Kd4 0-1

[Event "NB1 Charousek csoport"]
[Site "Alsoszolnok"]
[Date "2024.12.01"]
[Round "3.8"]
[White "Hardicsay, Peter"]
[Black "Jakab, Attila"]
[Result "1/2-1/2"]
[WhiteElo "2165"]
[BlackElo "2232"]
[PlyCount "48"]
[GameId "2119680184615866"]
[EventDate "2024.11.03"]
[EventType "team-tourn"]
[EventRounds "11"]
[EventCountry "HUN"]
[Source "chess.hu"]
[WhiteTeam "SZ-A STE"]
[BlackTeam "Sentimento Ajka BSK"]
[WhiteTeamCountry "HUN"]
[BlackTeamCountry "HUN"]

1. e4 e6 2. d4 d5 3. Nd2 Nf6 4. e5 Nfd7 5. Bd3 c5 6. c3 Nc6 7. Ne2 cxd4 8. cxd4 f6 9. exf6 Nxf6 10. Nf3 Bd6 11. O-O Qc7 12. Nc3 a6 13. Bg5 O-O 14. Bh4 Nh5 15. Bg3 Nf4 16. Re1 h6 17. Rc1 Qf7 18. Bb1 Bd7 19. a3 Nh3+ 20. gxh3 Bxg3 21. hxg3 Qxf3 22. Qxf3 Rxf3 23. Rcd1 Raf8 24. Rd2 R3f6 1/2-1/2

[Event "NB1 Charousek csoport"]
[Site "Alsoszolnok"]
[Date "2024.12.01"]
[Round "3.9"]
[White "Cseke, Richard"]
[Black "Volosin, Vladimir"]
[Result "1-0"]
[WhiteElo "2311"]
[BlackElo "2131"]
[PlyCount "69"]
[GameId "2119680223400906"]
[EventDate "2024.11.03"]
[EventType "team-tourn"]
[EventRounds "11"]
[EventCountry "HUN"]
[Source "chess.hu"]
[WhiteTeam "Sentimento Ajka BSK"]
[BlackTeam "SZ-A STE"]
[WhiteTeamCountry "HUN"]
[BlackTeamCountry "HUN"]

1. d4 Nf6 2. Bg5 d5 3. Nd2 Bf5 4. e3 e6 5. c4 c6 6. Qb3 b6 7. Ngf3 Be7 8. Rc1 Nfd7 9. Bf4 O-O 10. Be2 a5 11. a3 dxc4 12. Nxc4 b5 13. Nce5 Qb6 14. Rxc6 Nxc6 15. Nxd7 Qb7 16. Nxf8 b4 17. d5 Nd8 18. Nxe6 fxe6 19. d6 Bf6 20. O-O a4 21. Qxb4 Qxb4 22. axb4 Bxb2 23. Bc4 a3 24. Ba2 Rb8 25. Be5 Rxb4 26. Nd4 Bxd4 27. Bxd4 Kf7 28. Be5 Ke8 29. Rd1 Nf7 30. Bc3 Rb7 31. f3 Kd7 32. e4 Bg6 33. Bxg7 Nxd6 34. e5 Ke7 35. exd6+ 1-0

[Event "NB1 Charousek csoport"]
[Site "Alsoszolnok"]
[Date "2024.12.01"]
[Round "3.10"]
[White "Kovac, Boris"]
[Black "Kustar, Sandor"]
[Result "1/2-1/2"]
[WhiteElo "2194"]
[BlackElo "2245"]
[PlyCount "76"]
[GameId "2119680261960666"]
[EventDate "2024.11.03"]
[EventType "team-tourn"]
[EventRounds "11"]
[EventCountry "HUN"]
[Source "chess.hu"]
[WhiteTeam "SZ-A STE"]
[BlackTeam "Sentimento Ajka BSK"]
[WhiteTeamCountry "HUN"]
[BlackTeamCountry "HUN"]

1. e4 e6 2. d4 d5 3. Nd2 Be7 4. Ngf3 Nf6 5. Bd3 c5 6. e5 Nfd7 7. c3 Nc6 8. O-O Qb6 9. dxc5 Nxc5 10. Bc2 O-O 11. b4 Nd7 12. Qe2 Qc7 13. Re1 Nxb4 14. Bxh7+ Kxh7 15. cxb4 Qc2 16. a3 Nb6 17. Rb1 Bd7 18. Nd4 Qg6 19. Rb3 f5 20. exf6 Qxf6 21. N2f3 Rae8 22. Ng5+ Kg8 23. Qc2 g6 24. Ndxe6 Bxb4 25. Bb2 Bxe1 26. Bxf6 Rxf6 27. Rf3 Rexe6 28. Nxe6 Rxe6 29. Re3 Rc6 30. Qd1 Bc3 31. h4 Bg7 32. a4 Rd6 33. h5 d4 34. Qb3+ Rd5 35. Rg3 Bxa4 36. Qc3 Be8 37. hxg6 Nd7 38. Qc4 Nb6 1/2-1/2

[Event "NB1 Charousek csoport"]
[Site "Alsoszolnok"]
[Date "2024.12.01"]
[Round "3.11"]
[White "Pasti, Anna"]
[Black "Vrencian, Lehel"]
[Result "0-1"]
[WhiteElo "1970"]
[BlackElo "2254"]
[PlyCount "88"]
[GameId "2119680296592362"]
[EventDate "2024.11.03"]
[EventType "team-tourn"]
[EventRounds "11"]
[EventCountry "HUN"]
[Source "chess.hu"]
[WhiteTeam "Sentimento Ajka BSK"]
[BlackTeam "SZ-A STE"]
[WhiteTeamCountry "HUN"]
[BlackTeamCountry "HUN"]

1. c4 e5 2. Nc3 Bb4 3. Nd5 a5 4. Nxb4 axb4 5. b3 Nf6 6. Bb2 Nc6 7. g3 d5 8. Bg2 O-O 9. cxd5 Nxd5 10. d3 Be6 11. Nf3 f6 12. O-O Qe7 13. Qc2 Bf7 14. e3 Ra5 15. Rfc1 Rfa8 16. Qb1 Qd7 17. Nd2 Bg6 18. Ne4 Qe7 19. Rc2 Kh8 20. Qc1 Nd8 21. Nc5 c6 22. e4 Nc3 23. Bxc3 Qxc5 24. Bd2 Qd6 25. Bf1 Bf7 26. Rb2 c5 27. Be3 b6 28. Qd2 Ra3 29. Rc1 Nc6 30. f4 Nd4 31. Qf2 Nb5 32. Rcc2 R3a7 33. Rd2 Nc3 34. f5 Bh5 35. Rbc2 Nb1 36. Be2 Nxd2 37. Bxh5 Nb1 38. Qf1 Na3 39. Rg2 Nb5 40. g4 Rxa2 41. Rxa2 Rxa2 42. g5 fxg5 43. Bg6 g4 44. Bf7 Nd4 0-1

[Event "NB1 Charousek csoport"]
[Site "Biatorbagy"]
[Date "2024.12.01"]
[Round "3.1"]
[White "Kiss, Attila"]
[Black "Fodor, Istvan"]
[Result "1/2-1/2"]
[WhiteElo "2273"]
[BlackElo "2308"]
[PlyCount "25"]
[GameId "2119388421774282"]
[EventDate "2024.11.03"]
[EventType "team-tourn"]
[EventRounds "11"]
[EventCountry "HUN"]
[Source "chess.hu"]
[WhiteTeam "Haladas VSE"]
[BlackTeam "Biatorbagy II"]
[WhiteTeamCountry "HUN"]
[BlackTeamCountry "HUN"]

1. e4 e5 2. Nf3 Nc6 3. d4 exd4 4. Nxd4 Nf6 5. Nxc6 bxc6 6. Bd3 d5 7. exd5 cxd5 8. O-O Be7 9. c4 O-O 10. Nc3 Be6 11. cxd5 Nxd5 12. Nxd5 Bxd5 13. Qc2 1/2-1/2

[Event "NB1 Charousek csoport"]
[Site "Biatorbagy"]
[Date "2024.12.01"]
[Round "3.3"]
[White "Sardy, Peter Dr."]
[Black "Szikszai, Bertalan"]
[Result "1/2-1/2"]
[WhiteElo "2351"]
[BlackElo "2274"]
[PlyCount "86"]
[GameId "2119388504538090"]
[EventDate "2024.11.03"]
[EventType "team-tourn"]
[EventRounds "11"]
[EventCountry "HUN"]
[Source "chess.hu"]
[WhiteTeam "Haladas VSE"]
[BlackTeam "Biatorbagy II"]
[WhiteTeamCountry "HUN"]
[BlackTeamCountry "HUN"]

1. e4 c5 2. Nc3 Nc6 3. Bb5 Nd4 4. Nf3 a6 5. Bd3 g6 6. Rb1 b5 7. b4 d6 8. bxc5 dxc5 9. Nxd4 cxd4 10. Ne2 Bg7 11. O-O Nh6 12. f4 O-O 13. Qe1 e5 14. f5 Re8 15. Ng3 Bd7 16. c4 Qa5 17. Rb3 Bf8 18. cxb5 axb5 19. Bb1 Rec8 20. Qf2 Qd8 21. d3 Ng4 22. Qf3 Ne3 23. Bxe3 dxe3 24. Ne2 Be8 25. h3 Rc7 26. Kh2 Bh6 27. Nc3 Rac8 28. Nd5 Rc1 29. a4 Rxf1 30. Qxf1 Bc6 31. fxg6 hxg6 32. Rxb5 Bxb5 33. axb5 Rb8 34. b6 Kg7 35. Ba2 f6 36. Bc4 Rxb6 37. Nxb6 Qxb6 38. Qe2 Qb1 39. g3 Qc1 40. Kg2 Qa1 41. h4 Qc3 42. Qg4 Qb2+ 43. Kh3 Qb8 1/2-1/2

[Event "NB1 Charousek csoport"]
[Site "Biatorbagy"]
[Date "2024.12.01"]
[Round "3.4"]
[White "Csoke, Krisztian"]
[Black "Csontos, Aron"]
[Result "0-1"]
[WhiteElo "2220"]
[BlackElo "2121"]
[PlyCount "106"]
[GameId "2119388542798842"]
[EventDate "2024.11.03"]
[EventType "team-tourn"]
[EventRounds "11"]
[EventCountry "HUN"]
[Source "chess.hu"]
[WhiteTeam "Biatorbagy II"]
[BlackTeam "Haladas VSE"]
[WhiteTeamCountry "HUN"]
[BlackTeamCountry "HUN"]

1. Nf3 Nf6 2. g3 d5 3. Bg2 e6 4. c4 d4 5. b4 Bxb4 6. Qa4+ Nc6 7. Ne5 Rb8 8. Nxc6 bxc6 9. Qxa7 Rb6 10. Qa4 O-O 11. Bxc6 Qd6 12. Bf3 e5 13. O-O e4 14. Bg2 Bd7 15. Qd1 Ra8 16. a3 Rbb8 17. d3 Ba4 18. Bf4 Bxd1 19. Bxd6 Bxe2 20. Bxb4 Bxf1 21. Kxf1 Rxb4 22. Nd2 Rba4 23. Nxe4 Nxe4 24. Bxe4 Rxa3 25. Re1 Rb8 26. Bd5 Kf8 27. Re4 Rb1+ 28. Kg2 Rxd3 29. Rf4 Rdd1 30. Rxf7+ Ke8 31. Rxc7 d3 32. Kf3 Re1 33. Bc6+ Kf8 34. Rd7 Rb6 35. Rd8+ Kf7 36. Bb5 Rf6+ 37. Kg2 Re2 38. Rxd3 Rfxf2+ 39. Kh3 Rxh2+ 40. Kg4 Re5 41. Rd7+ Kf6 42. Rd6+ Re6 43. Rd4 h5+ 44. Kf3 g5 45. g4 Rhe2 46. Rd3 h4 47. Bd7 R6e5 48. c5 h3 49. Bc6 h2 50. Kg3 Rxc5 51. Bg2 Rcc2 52. Kh3 h1=Q+ 53. Bxh1 Rh2+ 0-1

[Event "NB1 Charousek csoport"]
[Site "Biatorbagy"]
[Date "2024.12.01"]
[Round "3.5"]
[White "Egri, Laszlo Jr."]
[Black "Szakmary, Domonkos"]
[Result "1/2-1/2"]
[WhiteElo "2243"]
[BlackElo "2228"]
[PlyCount "45"]
[GameId "2119388583402506"]
[EventDate "2024.11.03"]
[EventType "team-tourn"]
[EventRounds "11"]
[EventCountry "HUN"]
[Source "chess.hu"]
[WhiteTeam "Haladas VSE"]
[BlackTeam "Biatorbagy II"]
[WhiteTeamCountry "HUN"]
[BlackTeamCountry "HUN"]

1. Nf3 d5 2. c4 c6 3. g3 Nf6 4. Bg2 Bg4 5. O-O e6 6. cxd5 exd5 7. d3 Bd6 8. Nc3 O-O 9. Qb3 Qc8 10. e4 dxe4 11. dxe4 Nbd7 12. h3 Bxf3 13. Bxf3 Nc5 14. Qc4 b5 15. Qd4 Rd8 16. Bg2 Ne6 17. Qd3 Bc5 18. Qb1 Qb8 19. Ne2 Qb6 20. Qc2 a5 21. a4 b4 22. e5 Nd5 23. Qf5 1/2-1/2

[Event "NB1 Charousek csoport"]
[Site "Biatorbagy"]
[Date "2024.12.01"]
[Round "3.6"]
[White "Felmery, Mate"]
[Black "Pergel, Laszlo"]
[Result "1-0"]
[WhiteElo "2144"]
[BlackElo "2153"]
[PlyCount "76"]
[GameId "2119388621929498"]
[EventDate "2024.11.03"]
[EventType "team-tourn"]
[EventRounds "11"]
[EventCountry "HUN"]
[Source "chess.hu"]
[WhiteTeam "Biatorbagy II"]
[BlackTeam "Haladas VSE"]
[WhiteTeamCountry "HUN"]
[BlackTeamCountry "HUN"]

1. e4 c5 2. Nf3 Nc6 3. Bb5 g6 4. O-O Bg7 5. c3 Nf6 6. Re1 O-O 7. d4 cxd4 8. cxd4 a6 9. Bd3 d6 10. h3 Nd7 11. Be3 b5 12. a4 b4 13. Nbd2 Na5 14. Nc4 Nxc4 15. Bxc4 Nb6 16. Bb3 a5 17. Qd2 d5 18. exd5 Bb7 19. Bg5 Re8 20. Rac1 Nxd5 21. Rc5 Rc8 22. Qd3 Rxc5 23. dxc5 Qa8 24. Ne5 Bxe5 25. Rxe5 e6 26. Re1 Ne7 27. f3 Qc8 28. Qb5 Nc6 29. Bf6 Ba6 30. Qb6 Qb7 31. Qxb7 Bxb7 32. Rd1 Ne7 33. Rd7 Bd5 34. Bxd5 Nxd5 35. Bd8 b3 36. c6 Kg7 37. Kf2 Nf6 38. Rd6 Rf8 1-0

[Event "NB1 Charousek csoport"]
[Site "Biatorbagy"]
[Date "2024.12.01"]
[Round "3.7"]
[White "Czupor, Attila"]
[Black "Dombai, Istvan"]
[Result "1/2-1/2"]
[WhiteElo "2186"]
[BlackElo "2174"]
[PlyCount "32"]
[GameId "2119388679195690"]
[EventDate "2024.11.03"]
[EventType "team-tourn"]
[EventRounds "11"]
[EventCountry "HUN"]
[Source "chess.hu"]
[WhiteTeam "Haladas VSE"]
[BlackTeam "Biatorbagy II"]
[WhiteTeamCountry "HUN"]
[BlackTeamCountry "HUN"]

1. e4 c5 2. Nf3 d6 3. d4 cxd4 4. Nxd4 Nf6 5. Nc3 a6 6. Be3 Ng4 7. Bg5 h6 8. Bh4 g5 9. Bg3 Bg7 10. Qd2 Nc6 11. Nxc6 bxc6 12. Bc4 Qa5 13. Nd1 Qxd2+ 14. Kxd2 Be6 15. Bxe6 fxe6 16. c3 Rb8 1/2-1/2

[Event "NB1 Charousek csoport"]
[Site "Biatorbagy"]
[Date "2024.12.01"]
[Round "3.8"]
[White "Erdos, Boglarka"]
[Black "Rovid, Kalman"]
[Result "1-0"]
[WhiteElo "2108"]
[BlackElo "2146"]
[PlyCount "41"]
[GameId "2119388721986618"]
[EventDate "2024.11.03"]
[EventType "team-tourn"]
[EventRounds "11"]
[EventCountry "HUN"]
[Source "chess.hu"]
[WhiteTeam "Biatorbagy II"]
[BlackTeam "Haladas VSE"]
[WhiteTeamCountry "HUN"]
[BlackTeamCountry "HUN"]

1. e4 c5 2. Nf3 Nc6 3. Bb5 g6 4. O-O Nf6 5. Re1 Bg7 6. c3 O-O 7. d4 d5 8. exd5 Nxd5 9. dxc5 Bg4 10. h3 Bxf3 11. Qxf3 Ne5 12. Qe2 e6 13. Be3 Rc8 14. Bd4 Nf4 15. Qe4 Qg5 16. Be3 Nxh3+ 17. Kf1 Qh5 18. gxh3 Nf3 19. Rc1 Qxh3+ 20. Ke2 Qh5 21. Qxf3 1-0

[Event "NB1 Charousek csoport"]
[Site "Biatorbagy"]
[Date "2024.12.01"]
[Round "3.9"]
[White "Colev, Ivor"]
[Black "Nagy, Aron"]
[Result "1-0"]
[WhiteElo "2153"]
[BlackElo "2086"]
[PlyCount "49"]
[GameId "2119388762057802"]
[EventDate "2024.11.03"]
[EventType "team-tourn"]
[EventRounds "11"]
[EventCountry "HUN"]
[Source "chess.hu"]
[WhiteTeam "Haladas VSE"]
[BlackTeam "Biatorbagy II"]
[WhiteTeamCountry "HUN"]
[BlackTeamCountry "HUN"]

1. e4 c5 2. Nf3 e6 3. d4 cxd4 4. Nxd4 Nf6 5. Nc3 d6 6. Bg5 Be7 7. Qd2 h6 8. Bh4 a6 9. O-O-O b5 10. a3 Bb7 11. Bxf6 Bxf6 12. f4 O-O 13. Kb1 Nd7 14. g4 Rc8 15. Rg1 Nc5 16. Bg2 Be7 17. Bf3 g5 18. h4 gxf4 19. g5 Qd7 20. Qg2 hxg5 21. hxg5 Kg7 22. g6 f5 23. Rh1 Rh8 24. Rh7+ Kf6 25. e5+ 1-0

[Event "NB1 Charousek csoport"]
[Site "Biatorbagy"]
[Date "2024.12.01"]
[Round "3.10"]
[White "Csoli, Odon"]
[Black "Tomasic, Roland"]
[Result "1-0"]
[WhiteElo "2027"]
[BlackElo "2119"]
[PlyCount "43"]
[GameId "2119388801150042"]
[EventDate "2024.11.03"]
[EventType "team-tourn"]
[EventRounds "11"]
[EventCountry "HUN"]
[Source "chess.hu"]
[WhiteTeam "Biatorbagy II"]
[BlackTeam "Haladas VSE"]
[WhiteTeamCountry "HUN"]
[BlackTeamCountry "HUN"]

1. d4 f5 2. c4 Nf6 3. g3 d6 4. Bg2 c6 5. Nh3 g6 6. O-O Bg7 7. d5 O-O 8. Nc3 e5 9. dxe6 Bxe6 10. Qb3 Qe7 11. Ng5 Bc8 12. Bf4 Rd8 13. Rad1 Ne8 14. c5+ d5 15. Bxd5+ cxd5 16. Nxd5 Rxd5 17. Qxd5+ Be6 18. Nxe6 Qf7 19. Nxg7 Kxg7 20. Qxf7+ Kxf7 21. Rd8 g5 22. Rxb8 1-0

[Event "NB1 Charousek csoport"]
[Site "Biatorbagy"]
[Date "2024.12.01"]
[Round "3.12"]
[White "Fekete, Andras"]
[Black "Vilics, Hanna"]
[Result "0-1"]
[WhiteElo "1915"]
[BlackElo "1852"]
[PlyCount "92"]
[GameId "2119388867259508"]
[EventDate "2024.11.03"]
[EventType "team-tourn"]
[EventRounds "11"]
[EventCountry "HUN"]
[Source "chess.hu"]
[WhiteTeam "Biatorbagy II"]
[BlackTeam "Haladas VSE"]
[WhiteTeamCountry "HUN"]
[BlackTeamCountry "HUN"]

1. e4 d5 2. exd5 Qxd5 3. Nc3 Qa5 4. Nf3 Nf6 5. h3 c6 6. d4 Bf5 7. Bd3 Bxd3 8. Qxd3 e6 9. O-O Bd6 10. Ne4 Nxe4 11. Qxe4 Nd7 12. c4 Nf6 13. Qe2 h6 14. Bd2 Qf5 15. Rac1 O-O-O 16. Rfe1 g5 17. Ne5 Qh7 18. Ba5 Rdg8 19. Nxc6 bxc6 20. Qf3 Kd7 21. Qxf6 Bf4 22. Rcd1 Rg6 23. Qxh8 Qxh8 24. d5 exd5 25. cxd5 cxd5 26. Rxd5+ Rd6 27. Rb5 Qc8 28. Bb4 Qc4 29. a4 Re6 30. Rd1+ Ke8 31. g3 Be5 32. Ba3 Qxa4 33. Rbd5 Bc7 34. Rc1 Qe4 35. Rdc5 Bd6 36. Rc8+ Kd7 37. Bxd6 Kxd6 38. R8c4 Qd5 39. Rc8 Re7 40. R8c2 Rb7 41. Re1 Re7 42. Ra1 Qd3 43. Rc3 Qe2 44. Rac1 Qb5 45. Rd1+ Ke6 46. Re3+ Kf6 0-1

[Event "NB1 Charousek csoport"]
[Site "Nagykanizsa"]
[Date "2024.12.01"]
[Round "3.1"]
[White "Szabo, Marton Mihaly"]
[Black "Markoja, Boris"]
[Result "0-1"]
[WhiteElo "2288"]
[BlackElo "2472"]
[PlyCount "84"]
[GameId "2120456401691723"]
[EventDate "2024.11.03"]
[EventType "team-tourn"]
[EventRounds "11"]
[EventCountry "HUN"]
[Source "chess.hu"]
[WhiteTeam "Esztergomi SC"]
[BlackTeam "Tuxera ANSK II."]
[WhiteTeamCountry "HUN"]
[BlackTeamCountry "HUN"]

1. e4 c5 2. c4 g6 3. Nc3 Bg7 4. g3 Nc6 5. Bg2 d6 6. Nge2 e6 7. O-O Nge7 8. d3 Nd4 9. Rb1 Nec6 10. a3 a5 11. Be3 h6 12. Qd2 a4 13. f4 Qa5 14. g4 h5 15. gxh5 Nxe2+ 16. Nxe2 Qxd2 17. Bxd2 Nd4 18. Ng3 gxh5 19. Rf2 h4 20. Ne2 h3 21. Bf1 Bd7 22. Bc3 Bc6 23. Nxd4 cxd4 24. Bb4 f5 25. Re1 Kd7 26. Rf3 Rag8 27. Kh1 fxe4 28. dxe4 Rf8 29. Bd2 Be5 30. Bd3 Rh4 31. Ref1 d5 32. fxe5 Rxf3 33. Rxf3 dxe4 34. Rg3 e3+ 35. Kg1 exd2 36. Be2 Re4 37. Kf2 Rf4+ 38. Kg1 Be4 39. Rxh3 Bc2 40. Rg3 d3 41. Bd1 Bxd1 42. Rg7+ Kc6 0-1

[Event "NB1 Charousek csoport"]
[Site "Nagykanizsa"]
[Date "2024.12.01"]
[Round "3.2"]
[White "Bodo, Norbert"]
[Black "Ress, Tamas"]
[Result "1-0"]
[WhiteElo "2391"]
[BlackElo "2226"]
[PlyCount "53"]
[GameId "2120456451212385"]
[EventDate "2024.11.03"]
[EventType "team-tourn"]
[EventRounds "11"]
[EventCountry "HUN"]
[Source "chess.hu"]
[WhiteTeam "Tuxera ANSK II."]
[BlackTeam "Esztergomi SC"]
[WhiteTeamCountry "HUN"]
[BlackTeamCountry "HUN"]

1. Nf3 f5 2. g3 Nf6 3. Bg2 g6 4. O-O Bg7 5. d4 O-O 6. Nbd2 Nc6 7. Re1 Ne4 8. d5 Nxd2 9. Bxd2 Ne5 10. Nxe5 Bxe5 11. c3 c6 12. Bh6 Rf6 13. e4 Qb6 14. Qd2 fxe4 15. Rxe4 Bd6 16. Rae1 Qc5 17. b4 Qxd5 18. Qxd5+ cxd5 19. Rxe7 Re6 20. Re8+ Kf7 21. R1xe6 dxe6 22. Rh8 Be5 23. Rxh7+ Kg8 24. Re7 Bxc3 25. Bh3 Bxb4 26. Rc7 Kh8 27. Bf4 1-0

[Event "NB1 Charousek csoport"]
[Site "Nagykanizsa"]
[Date "2024.12.01"]
[Round "3.3"]
[White "Gyenes, Mate"]
[Black "Krutti, Valer"]
[Result "1/2-1/2"]
[WhiteElo "2218"]
[BlackElo "2244"]
[PlyCount "109"]
[GameId "2120456494605425"]
[EventDate "2024.11.03"]
[EventType "team-tourn"]
[EventRounds "11"]
[EventCountry "HUN"]
[Source "chess.hu"]
[WhiteTeam "Esztergomi SC"]
[BlackTeam "Tuxera ANSK II."]
[WhiteTeamCountry "HUN"]
[BlackTeamCountry "HUN"]

1. e4 c6 2. d4 d5 3. Nc3 a6 4. e5 g6 5. Be3 Nh6 6. Qd2 Nf5 7. Bf4 h5 8. Nf3 e6 9. Bg5 Qa5 10. Ne4 Qxd2+ 11. Nexd2 c5 12. dxc5 Bxc5 13. Nb3 Ba7 14. c4 Nc6 15. Be2 dxc4 16. Bxc4 Nb4 17. O-O b5 18. Be2 Bb7 19. a3 Nc6 20. Rac1 Ncd4 21. Nfxd4 Nxd4 22. Nxd4 Bxd4 23. Bf6 O-O 24. Rc2 Rfc8 25. Rd2 Bc5 26. Rfd1 Bf8 27. f4 Bc5+ 28. Kf1 Be3 29. Rd7 Bc6 30. R7d6 Bxf4 31. Rxc6 Rxc6 32. Bf3 Rcc8 33. Bxa8 Rxa8 34. g3 Bh6 35. b3 g5 36. Ke2 Kh7 37. h3 Kg6 38. g4 hxg4 39. hxg4 Bf8 40. a4 bxa4 41. bxa4 Bg7 42. Bxg7 Kxg7 43. Rd6 Rc8 44. Rxa6 Rc5 45. Rb6 Rxe5+ 46. Kd3 Re1 47. a5 Rg1 48. Rb4 Ra1 49. Rb5 Kg6 50. Kc3 f5 51. Kb2 Ra4 52. Kb3 Ra1 53. Kb2 Ra4 54. Kb3 Ra1 55. Kb2 1/2-1/2

[Event "NB1 Charousek csoport"]
[Site "Nagykanizsa"]
[Date "2024.12.01"]
[Round "3.4"]
[White "Demeter, Dorina"]
[Black "Balogh, Peter"]
[Result "1/2-1/2"]
[WhiteElo "2197"]
[BlackElo "2064"]
[PlyCount "20"]
[GameId "2120456534750337"]
[EventDate "2024.11.03"]
[EventType "team-tourn"]
[EventRounds "11"]
[EventCountry "HUN"]
[Source "chess.hu"]
[WhiteTeam "Tuxera ANSK II."]
[BlackTeam "Esztergomi SC"]
[WhiteTeamCountry "HUN"]
[BlackTeamCountry "HUN"]

1. Nf3 Nc6 2. d4 d5 3. Bf4 Bg4 4. e3 Qd7 5. h3 Bh5 6. Bb5 f6 7. c4 e6 8. Nc3 Bb4 9. cxd5 Qxd5 10. O-O Bxc3 1/2-1/2

[Event "NB1 Charousek csoport"]
[Site "Nagykanizsa"]
[Date "2024.12.01"]
[Round "3.5"]
[White "Petervari, Szabolcs"]
[Black "Bodo, Bence"]
[Result "1/2-1/2"]
[WhiteElo "2059"]
[BlackElo "2256"]
[PlyCount "130"]
[GameId "2120456581543057"]
[EventDate "2024.11.03"]
[EventType "team-tourn"]
[EventRounds "11"]
[EventCountry "HUN"]
[Source "chess.hu"]
[WhiteTeam "Esztergomi SC"]
[BlackTeam "Tuxera ANSK II."]
[WhiteTeamCountry "HUN"]
[BlackTeamCountry "HUN"]

1. c4 e6 2. Nc3 d5 3. d4 Nf6 4. cxd5 exd5 5. Bg5 c6 6. Qc2 Be7 7. e3 Be6 8. Bd3 h6 9. Bh4 Nbd7 10. Nge2 Rc8 11. Nf4 Nf8 12. Bxf6 Bxf6 13. b4 Qd6 14. Nxe6 Nxe6 15. O-O O-O 16. Rab1 b6 17. Rfd1 Rfd8 18. a4 Kh8 19. Ba6 Rc7 20. Be2 Qe7 21. Qa2 Qd7 22. Bg4 Rcc8 23. Qb3 g6 24. b5 h5 25. Bh3 g5 26. Bf5 Kg7 27. bxc6 Rxc6 28. e4 dxe4 29. Nxe4 Qd5 30. Qxd5 Rxd5 31. Nxf6 Rxf5 32. d5 Rc2 33. Nxh5+ Kg6 34. Ng3 Rfxf2 35. dxe6 Rxg2+ 36. Kf1 fxe6 37. Rd6 Rxh2 38. Rxe6+ Kf7 39. Re2 Rcxe2 40. Nxe2 Rh1+ 41. Ng1 Rh4 42. Ra1 Rb4 43. Nf3 Kf6 44. Ke2 g4 45. Ne1 a5 46. Nc2 Re4+ 47. Kd3 Ke5 48. Ne3 Rb4 49. Nc2 Rf4 50. Na3 Kd5 51. Nb5 Rf3+ 52. Ke2 Rb3 53. Kd2 Kc4 54. Na3+ Kc5 55. Rc1+ Kd5 56. Nc2 Ke4 57. Re1+ Kf4 58. Nd4 Rb4 59. Ne2+ Kf3 60. Nc3 g3 61. Re3+ Kf2 62. Ne4+ Kg1 63. Rxg3+ Kh2 64. Re3 Rxa4 65. Nc3 Rd4+ 1/2-1/2